Kvalita verejnej správy zápis zo stretnutia pracovnej skupiny Kvalita vo verejnej správe

Na minha lista:
Detalhes bibliográficos
Autor principal: Džubáková, Martina
Formato: Capítulo de Livro
Idioma:eslovaco
Assuntos:
Tags: Adicionar Tag
Sem tags, seja o primeiro a adicionar uma tag!

MARC

LEADER 00000nla a2200000 4500
001 0233931
005 20240502073809.5
041 0 |a slo 
044 |a SK 
245 1 0 |a Kvalita verejnej správy  |b zápis zo stretnutia pracovnej skupiny Kvalita vo verejnej správe  |c Martina Džubáková 
610 2 0 |a správa verejná 
610 2 0 |a kvalita 
610 2 0 |a modely 
610 2 0 |a model EFQM 
610 2 0 |a model CAF 
100 1 |a Džubáková, Martina